Los 13 asustadores profesionales más fomosos de la historia /
Gespeichert in:
| 1. Verfasser: | |
|---|---|
| Weitere Verfasser: | , |
| Format: | Buch |
| Sprache: | Spanisch |
| Veröffentlicht: |
Sevilla, España :
Babidi-Bú,
2021, c2021
|
| Schriftenreihe: | (Wooobooks)
|
| Schlagworte: | |
| Tags: |
Keine Tags, Fügen Sie das erste Tag hinzu!
|
MARC
| LEADER | 00000nam^a2200000^a^4500 | ||
|---|---|---|---|
| 001 | 000580602 | ||
| 005 | 20250521000000.0 | ||
| 009 | 20260310132552.859 | ||
| 020 | |a 978-84-18649-76-9 | ||
| 037 | |a Acervo ITESO - Biblioteca | ||
| 041 | |a ESP | ||
| 082 | |a 808. 899282 |b FAL | ||
| 100 | |a Falcó, Laura |e (autor) | ||
| 245 | 1 | 4 | |a Los 13 asustadores profesionales más fomosos de la historia / |c L. Falcó, L. Fernández Bueno ; il. de D. Valdayo. |
| 264 | 4 | |a Sevilla, España : |b Babidi-Bú, |c 2021, c2021 | |
| 300 | |a [30 p.] | ||
| 336 | |a texto |b txt |2 rdacontenido | ||
| 337 | |a sin mediación |b n |2 rdamedio | ||
| 338 | |a volumen |b nc |2 rdasoporte | ||
| 440 | 1 | |a (Wooobooks) | |
| 649 | |a XX | ||
| 650 | |a Vampiros en la Literatura - |x Historia y Crítica | ||
| 650 | |a Fantasmas en la Literatura - |x Historia y Crítica | ||
| 650 | |a Ogros en la Literatura - |x Historia y Crítica | ||
| 650 | |a Seres Fantásticos en la Literatura - |x Historia y Crítica | ||
| 650 | |a Personajes de Ficción en la Literatura - |x Historia y Crítica | ||
| 650 | |a Libros para Niños | ||
| 650 | |a Cuentos Infantiles | ||
| 650 | |a Literatura Infantil | ||
| 650 | |a Literatura de Ciencia-Ficción - |x Historia y Crítica | ||
| 650 | |a Literatura Policíaca y de Misterio - |x Historia y Crítica - |x Tema Principal | ||
| 650 | |a Literatura - |x Historia y Crítica | ||
| 700 | |a Fernández Bueno, Lorenzo |e (autor) | ||
| 700 | |a Valdayo, Diana |e (ilustración) | ||
| 910 | |a Fondo General | ||
| 920 | |a Impresos - Libros | ||
| 930 | |a Colección General | ||
| 940 | |a Literatura | ||
| 905 | |a 101 | ||
| 901 | |a 0500405994 |b IT1 |c LIT |d ES |i C185068 |u 20250521 | ||
| 902 | |a https://opac.biblio.iteso.mx/vufind/Record/000580602 | ||